000 00659cab a2200205 4500
001 ABS38318
008 090401t1987 xxu||||| |||| 00| 0 eng d
035 _a(Sirsi) u9925
041 _aeng
100 _aBar-Hillel, Mira
245 _aSobering report on liability
260 _c1987
350 _a0
490 _aChartered Surveyor Weekly
_v21(4) 22 October 1987, 25(1)
520 _aHighlights the main points of a report on Professional liability and construction by a post-graduate researcher at University College.
650 _aTIME LIMITS
690 _aMANAGEMENT-BUSINESS MANAGEMENT-PROFESSIONAL PRACTICE
942 _n0
948 _c04/03/1997
999 _c6244
_d6244